[Event "Amber-blind 12th"]
[Site "Monte Carlo"]
[Date "2003.03.22"]
[Round "7"]
[White "Ivanchuk, Vassily"]
[Black "Kramnik, Vladimir"]
[Result "1/2-1/2"]
[WhiteElo "2699"]
[BlackElo "2807"]
[PlyCount "121"]
[EventDate "2003.03.15"]
[Source "ChessBase"]
[SourceDate "2003.05.09"]

1. e4 c5 2. Nf3 Nc6 3. Nc3 Nf6 4. Bb5 Qc7 5. O-O Nd4 6. Re1 a6 7. Bf1 e5 8. h3 Nxf3+ 9. Qxf3 d6 10. a4 Be6 11. b3 Be7 12. Bc4 Qa5 13. Bb2 O-O 14. Re2 Bxc4 15. bxc4 Qb4 16. Nd1 Qxc4 17. Ne3 Qe6 18. a5 Rfb8 19. c4 b5 20. axb6 Rxb6 21. Bc3 Rb3 22. Ree1 Qd7 23. Qd1 Qb7 24. Qc2 Bf8 25. Ng4 Nxg4 26. hxg4 Rb8 27. Ra2 Qc8 28. f3 Be7 29. Rea1 Qe6 30. Qd3 Qh6 31. Rxa6 Qh4 32. Qf1 h5 33. Qe1 Qg5 34. gxh5 Qxh5 35. Ra8 Rxa8 36. Rxa8+ Kh7 37. Ra1 Bg5 38. Qf2 Qh6 39. Re1 Qe6 40. Qg3 Bh6 41. Qh3 Qxh3 42. gxh3 Ra3 43. Rb1 Ra2 44. Rb2 Rxb2 45. Bxb2 Bxd2 46. Kf1 Kg6 47. Ke2 Ba5 48. Bc1 f5 49. Kf1 f4 50. Ke2 Kg5 51. Kf1 Bc3 52. Kg2 Kf6 53. Kf1 Bb4 54. Ke2 Kg5 55. Kf1 Kh4 56. Kg2 Bc3 57. Ba3 Bd4 58. Bc1 Be3 59. Bb2 Bd2 60. Ba1 Kg5 61. Kf1 1/2-1/2

[Event "Linares"]
[Site "?"]
[Date "2004.??.??"]
[Round "?"]
[White "Kasparov, G."]
[Black "Radjabov, T."]
[Result "1/2-1/2"]
[WhiteElo "2830"]
[BlackElo "2655"]
[PlyCount "84"]
[EventDate "2004.??.??"]
[Source "Chess Informant"]
[SourceDate "2004.02.01"]

1. e4 c5 2. Nf3 Nc6 3. Nc3 e5 4. Bc4 Be7 5. d3 Nf6 6. Nd2 d6 7. Nf1 Nd7 8. Ne3 Nb6 9. Ned5 O-O 10. O-O Nxd5 11. Nxd5 Rb8 12. a4 Bg5 13. f4 exf4 14. Bxf4 Be6 15. b3 Bxd5 16. Bxg5 Qxg5 17. Bxd5 Nb4 18. Bc4 d5 19. exd5 Nxd5 20. Qf3 Qe3+ 21. Rf2 Qxf3 22. Rxf3 Nb6 23. Bb5 a6 24. a5 axb5 25. axb6 Rfc8 26. Ra5 c4 27. Rxb5 cxd3 28. c4 Rd8 29. Rd5 Rxd5 30. cxd5 Rd8 31. Rxd3 Rd6 32. Kf2 Kf8 33. Ke3 Ke7 34. Kd4 Rxb6 35. Kc5 Rh6 36. h3 Rg6 37. g4 Rg5 38. b4 h5 39. Rd4 hxg4 40. hxg4 f5 41. gxf5 Rxf5 42. b5 Rf6 1/2-1/2

[Event "Budapest 87/104"]
[Site "?"]
[Date "2003.??.??"]
[Round "?"]
[White "Gelfand, B."]
[Black "Leko, P."]
[Result "1/2-1/2"]
[WhiteElo "2700"]
[BlackElo "2746"]
[PlyCount "58"]
[EventDate "2003.??.??"]
[Source "Chess Informant"]
[SourceDate "2003.02.01"]

1. e4 c5 2. Nf3 Nc6 3. Nc3 e5 4. Bc4 Be7 5. d3 d6 6. O-O Nf6 7. Ng5 O-O 8. f4 Bg4 9. Nf3 exf4 10. Bxf4 Nd4 11. Kh1 Qd7 12. Qd2 Bxf3 13. gxf3 b5 14. Bb3 a5 15. Nd5 a4 16. Nxf6+ Bxf6 17. Bd5 a3 18. Bxa8 axb2 19. Rab1 Rxa8 20. c3 Ne6 21. Bg3 Rxa2 22. Rxb2 Rxb2 23. Qxb2 b4 24. d4 h5 25. cxb4 h4 26. Bf2 Nxd4 27. Bxd4 Bxd4 28. Qd2 Qh3 29. Qg2 Qxg2+ 1/2-1/2

[Event "XIV Rapid"]
[Site "Dos Hermanas SPA"]
[Date "2008.04.18"]
[Round "1.3"]
[White "Vallejo Pons, F."]
[Black "Shirov, A."]
[Result "1-0"]
[WhiteElo "2684"]
[BlackElo "2740"]
[PlyCount "91"]
[EventDate "2008.04.18"]
[Source "www.chesslib.no"]
[SourceDate "2004.05.04"]

1. e4 c5 2. Nf3 Nc6 3. Nc3 e5 4. Bc4 Be7 5. d3 d6 6. Nd5 Nf6 7. c3 O-O 8. O-O Be6 9. Re1 Rc8 10. a4 Bxd5 11. exd5 Nb8 12. Qb3 Rc7 13. a5 Qc8 14. Ra4 Nbd7 15. a6 Nb6 16. Ra2 Qf5 17. Bg5 Rb8 18. Bxf6 Bxf6 19. Nd2 Be7 20. axb7 Rcxb7 21. Qc2 Bg5 22. Bb5 Bxd2 23. Qxd2 Re7 24. Bc6 Rc8 25. h3 Rcc7 26. Qe3 g5 27. b4 cxb4 28. cxb4 Kg7 29. b5 h5 30. Rae2 Qg6 31. g4 hxg4 32. hxg4 f5 33. gxf5 Qxf5 34. Qe4 Rf7 35. d4 Nc4 36. Qxf5 Rxf5 37. Rc1 Nb6 38. dxe5 Rxe5 39. Rxe5 dxe5 40. d6 Rf7 41. Be8 Rf4 42. Rc7+ Kf8 43. Bc6 Rd4 44. d7 Ke7 45. Rxa7 Kd8 46. Kg2 1-0

[Event "Wijk aan Zee 86/117"]
[Site "?"]
[Date "2003.??.??"]
[Round "?"]
[White "Topalov, V."]
[Black "Van Wely, L."]
[Result "0-1"]
[WhiteElo "2743"]
[BlackElo "2668"]
[PlyCount "74"]
[EventDate "2003.??.??"]
[Source "Chess Informant"]
[SourceDate "2002.10.01"]

1. e4 c5 2. Nf3 Nc6 3. Nc3 e5 4. Bc4 Be7 5. d3 d6 6. O-O Nf6 7. Ng5 O-O 8. f4 exf4 9. Bxf4 Na5 10. Qd2 Nxc4 11. dxc4 Bg4 12. Nf3 Re8 13. Qf2 Qb6 14. b3 Bh5 15. Rae1 Qc6 16. h3 Rad8 17. Nh4 Bg6 18. Nxg6 fxg6 19. Qf3 h6 20. Nd5 Kh7 21. Bd2 Qd7 22. Nf4 g5 23. Ne2 Rf8 24. Qd3 g6 25. Nc3 Qe6 26. Nd5 Nd7 27. Nc7 Qg8 28. Bc3 Bf6 29. Bxf6 Rxf6 30. Qd5 b6 31. Qb7 Qg7 32. Qxa7 Rdf8 33. Nb5 R8f7 34. Qc7 g4 35. hxg4 Ne5 36. Qxb6 Nxg4 37. e5 Rxf1+ 0-1

[Event "Wijk aan Zee"]
[Site "?"]
[Date "2000.??.??"]
[Round "?"]
[White "Timman, J."]
[Black "Kramnik, Vladimir"]
[Result "1/2-1/2"]
[WhiteElo "2655"]
[BlackElo "2755"]
[PlyCount "78"]
[EventDate "2000.??.??"]
[Source "Chess Informant"]
[SourceDate "1999.10.01"]

1. e4 c5 2. Nf3 e6 3. d3 Nc6 4. g3 Nge7 5. Bg2 g6 6. h4 h6 7. c3 Bg7 8. O-O e5 9. a3 a5 10. Be3 d6 11. d4 cxd4 12. cxd4 Bg4 13. d5 Nd4 14. Bxd4 exd4 15. Qd3 Qb6 16. Nbd2 O-O 17. Nc4 Qc5 18. Rac1 Bxf3 19. Bxf3 a4 20. h5 Rac8 21. Qd2 d3 22. Ne5 Qd4 23. Nxd3 Rxc1 24. Rxc1 gxh5 25. Bxh5 Qxe4 26. Nf4 Nf5 27. Qc2 Qe5 28. b4 axb3 29. Qxb3 b5 30. Qd3 Nd4 31. Kg2 Qg5 32. Rh1 Qf5 33. Qxf5 Nxf5 34. Rb1 Nd4 35. Ne2 Ra8 36. Nxd4 Bxd4 37. Rxb5 Rxa3 38. Rb7 Ra7 39. Bxf7+ Kg7 1/2-1/2

[Event "49th New York Masters"]
[Site "New York"]
[Date "2003.03.25"]
[Round "4"]
[White "Yudasin, Leonid"]
[Black "Ehlvest, Jaan"]
[Result "0-1"]
[WhiteElo "2706"]
[BlackElo "2702"]
[PlyCount "100"]
[EventDate "2003.03.25"]
[Source "Roberto Alvarez"]
[SourceDate "2003.05.19"]

1. e4 c5 2. Nf3 e6 3. d3 Nc6 4. g3 Bd6 5. Bg2 Nge7 6. O-O O-O 7. Be3 b6 8. c3 Bc7 9. d4 cxd4 10. cxd4 d5 11. e5 a5 12. Qd2 Ba6 13. Rc1 b5 14. Nc3 Bb6 15. h4 Qd7 16. Bf1 f6 17. exf6 Rxf6 18. Nh2 Nf5 19. Nxb5 Nxe3 20. Qxe3 e5 21. Qb3 Nxd4 22. Nxd4 Bxd4 23. Ng4 Rb6 24. Nxe5 Qd6 25. Rc6 Rxc6 26. Nxc6 Qxc6 27. Rd1 Bc4 28. Qc2 Qc5 29. Qd2 Bxf1 30. Qxd4 Qxd4 31. Rxd4 Be2 32. Rxd5 Bc4 33. Rd2 Bxa2 34. Kg2 Bb3 35. g4 a4 36. Kg3 Re8 37. h5 Kf7 38. Kf4 h6 39. f3 Re7 40. g5 hxg5+ 41. Kxg5 Re5+ 42. Kh4 Rd5 43. Re2 Kf6 44. Rg2 Rd4+ 45. Kg3 Rc4 46. Rd2 Rc2 47. Rd6+ Ke7 48. Ra6 Rxb2 49. f4 Ra2 50. f5 Ra1 0-1

[Event "Eurotel Trophy Simul"]
[Site "Prague"]
[Date "2001.10.18"]
[Round "1"]
[White "Kasparov, Garry"]
[Black "Babula, Vlastimil"]
[Result "1-0"]
[WhiteElo "2838"]
[BlackElo "2566"]
[PlyCount "107"]
[EventDate "2001.10.18"]
[Source "ChessBase"]
[SourceDate "2001.02.01"]

1. e4 c5 2. Nf3 Nc6 3. Nc3 e5 4. Bc4 d6 5. d3 Be7 6. Nd2 Nf6 7. Nf1 Bg4 8. f3 Be6 9. Ne3 O-O 10. O-O Nd7 11. Ned5 Nb6 12. Nxb6 Qxb6 13. Nd5 Bxd5 14. Bxd5 Nb4 15. Bc4 Rad8 16. f4 exf4 17. Rxf4 d5 18. exd5 Nxd5 19. Rf5 Nc7 20. Qf3 Qg6 21. a4 Ne8 22. Be3 b6 23. Bb3 Nd6 24. Rd5 Qf6 25. Rf1 Qxf3 26. Rxf3 Bf6 27. c3 Nc8 28. g4 Rxd5 29. Bxd5 Rd8 30. Bc4 Nd6 31. Ba2 h6 32. Bf4 g5 33. Bg3 Kg7 34. Kf1 a6 35. Bf2 Rc8 36. Bg3 Rd8 37. Ke2 b5 38. a5 b4 39. Bxd6 Rxd6 40. Kd2 Rd7 41. Rf5 Rb7 42. Kc2 bxc3 43. bxc3 Rb5 44. Bc4 Rxa5 45. d4 Kg6 46. dxc5 Be7 47. c6 Bd8 48. Bxf7+ Kg7 49. Bd5 Rc5 50. c4 Bf6 51. Kd3 Bb2 52. Rf2 Ba1 53. Ke4 Kh7 54. Ra2 1-0

[Event "Polanica Zdroj 73/185"]
[Site "?"]
[Date "1998.??.??"]
[Round "?"]
[White "Ivanchuk, Vassily"]
[Black "Krasenkow, Michal"]
[Result "0-1"]
[WhiteElo "2730"]
[BlackElo "2655"]
[PlyCount "70"]
[EventDate "1998.??.??"]
[Source "ChessBase"]
[SourceDate "1998.06.01"]

1. e4 c5 2. Nf3 Nc6 3. Nc3 e5 4. Bc4 Be7 5. d3 d6 6. Nd2 Bg5 7. Nf1 Bxc1 8. Rxc1 Nge7 9. Ne3 O-O 10. O-O Kh8 11. Qd2 f5 12. exf5 Nxf5 13. f4 Nxe3 14. Qxe3 Bf5 15. Rf2 Bg6 16. Nd5 Na5 17. Rcf1 Nxc4 18. dxc4 Rf5 19. Qh3 Rh5 20. Qe6 Be4 21. fxe5 Rxe5 22. Qd7 h6 23. Qxb7 Rg5 24. b3 a5 25. g3 Bxd5 26. cxd5 Kh7 27. Rf7 Rb8 28. Qa6 Rxd5 29. Ra7 Qg5 30. Qe2 Rd2 31. Qe4+ Qg6 32. Qxg6+ Kxg6 33. Rf2 Rxf2 34. Kxf2 Kf6 35. Rxa5 Ke5 0-1

[Event "FIDE GP+"]
[Site "Dubai"]
[Date "2002.04.05"]
[Round "3.1"]
[White "Khalifman, Alexander"]
[Black "Lautier, Joel"]
[Result "1/2-1/2"]
[WhiteElo "2688"]
[BlackElo "2687"]
[PlyCount "33"]
[EventDate "2002.04.03"]
[Source "ChessBase"]
[SourceDate "2002.08.12"]

1. e4 c5 2. Nf3 Nc6 3. Nc3 e5 4. Bc4 Be7 5. d3 d6 6. Nd2 Bg5 7. h4 Bxd2+ 8. Bxd2 Nf6 9. Bg5 h6 10. Bxf6 Qxf6 11. Nd5 Qd8 12. c3 Be6 13. Qe2 Rb8 14. a4 O-O 15. g3 Ne7 16. Nxe7+ Qxe7 17. O-O 1/2-1/2

[Event "Beograd 74/161"]
[Site "?"]
[Date "1999.??.??"]
[Round "?"]
[White "Svidler, Peter"]
[Black "Krasenkow, Michal"]
[Result "1/2-1/2"]
[WhiteElo "2713"]
[BlackElo "2643"]
[PlyCount "60"]
[EventDate "1999.??.??"]
[Source "ChessBase"]
[SourceDate "1998.10.01"]

1. e4 c5 2. Nf3 e6 3. Nc3 Nc6 4. Bb5 Nd4 5. O-O a6 6. Bd3 Ne7 7. Nxd4 cxd4 8. Ne2 d5 9. exd5 Nxd5 10. c3 dxc3 11. dxc3 Bd6 12. Nd4 Qc7 13. h3 Bd7 14. Qf3 Nf4 15. Be4 Ng6 16. Be3 Ne5 17. Qe2 O-O-O 18. Rfd1 Kb8 19. a4 Nc4 20. Bc1 e5 21. Nf5 Bxf5 22. Bxf5 e4 23. Kh1 Rhe8 24. Bg5 f6 25. Bh4 g5 26. Rd4 Qc5 27. Qxc4 gxh4 28. Qxc5 Bxc5 29. Rxd8+ Rxd8 30. Bxh7 Bxf2 1/2-1/2

[Event "Paris FRA"]
[Site "?"]
[Date "2006.06.25"]
[Round "1"]
[White "Naiditsch Arkadij"]
[Black "Lautier Joel"]
[Result "1-0"]
[WhiteElo "2664"]
[BlackElo "2682"]
[PlyCount "117"]
[EventDate "2006.??.??"]
[Source "www.chesslib.no"]
[SourceDate "2004.05.04"]

1. e4 c5 2. Nf3 Nc6 3. Nc3 Nf6 4. Bb5 Qc7 5. O-O Nd4 6. Re1 a6 7. Bf1 e5 8. h3 d6 9. a4 Be7 10. Bc4 O-O 11. d3 Be6 12. Ng5 Qd7 13. a5 Bd8 14. Nd5 Bxd5 15. exd5 h6 16. Ne4 Nxe4 17. dxe4 Bg5 18. Bxg5 hxg5 19. c3 Nb5 20. Qh5 f6 21. g3 Qf7 22. Qe2 Qd7 23. Kg2 g6 24. Rh1 Kg7 25. h4 gxh4 26. Rxh4 Rh8 27. Rah1 Rxh4 28. Rxh4 Rh8 29. Qf3 Rxh4 30. gxh4 Na7 31. Be2 Nc8 32. Qg4 f5 33. exf5 Qxf5 34. Qg5 Qxg5+ 35. hxg5 Ne7 36. Bf3 Kf7 37. Kf1 Ke8 38. Ke2 Kd8 39. Kd3 Kc7 40. Kc4 Nc8 41. Be4 Ne7 42. Kb3 Kb8 43. Ka4 Kc7 44. c4 b6 45. f3 Kb7 46. b4 Kc7 47. axb6+ Kxb6 48. Bd3 cxb4 49. Kxb4 a5+ 50. Ka4 Kc5 51. Kxa5 Kd4 52. Bf1 e4 53. fxe4 Kxe4 54. Bg2+ Kf5 55. Kb6 Kxg5 56. Kc7 Nf5 57. Be4 Kf6 58. Bxf5 gxf5 59. c5 1-0

[Event "50th It"]
[Site "Reggio Emilia ITA"]
[Date "2008.01.01"]
[Round "4"]
[White "Harikrishna, P."]
[Black "Navara, D."]
[Result "1-0"]
[WhiteElo "2668"]
[BlackElo "2656"]
[PlyCount "85"]
[EventDate "2007.12.29"]
[Source "www.chesslib.no"]
[SourceDate "2004.05.04"]

1. e4 c5 2. Nf3 e6 3. d3 Nc6 4. g3 Bd6 5. Bg2 Nge7 6. O-O Bc7 7. Be3 b6 8. d4 d5 9. exd5 Nxd5 10. Bg5 f6 11. c4 Nde7 12. Be3 cxd4 13. Nxd4 Bd7 14. Nxc6 Nxc6 15. Qh5+ g6 16. Qe2 Kf7 17. Nc3 Rc8 18. Nb5 Bb8 19. c5 bxc5 20. Bxc5 Qa5 21. Rfd1 Rhd8 22. Nd6+ Bxd6 23. Bxd6 e5 24. Rd5 Qb6 25. Bc5 Qb8 26. Qa6 Ne7 27. Bxe7 Kxe7 28. Rad1 Bb5 29. Qa3+ Ke8 30. Rxd8+ Rxd8 31. Rxd8+ Qxd8 32. Qb3 Be2 33. Qg8+ Ke7 34. Qxh7+ Ke6 35. Bh3+ Kd5 36. Qxg6 Qc7 37. Bg2+ Ke6 38. Qe8+ Kd6 39. h4 Qc1+ 40. Kh2 Qxb2 41. Qc6+ Ke7 42. Qc5+ Ke6 43. Bd5+ 1-0

[Event "Corr"]
[Site "?"]
[Date "2002.01.15"]
[Round "?"]
[White "Ekebjaerg Ove (DEN)"]
[Black "Elwert Hans-Marcus (GER)"]
[Result "1/2-1/2"]
[WhiteElo "2635"]
[BlackElo "2687"]
[PlyCount "56"]
[EventDate "2002.??.??"]
[Source "www.chesslib.no"]
[SourceDate "2004.05.04"]

1. Nc3 c5 2. Nf3 Nc6 3. e4 e6 4. Bb5 Nge7 5. O-O Qc7 6. Re1 a6 7. Bf1 Ng6 8. Ne2 Be7 9. c3 O-O 10. d4 b5 11. Be3 cxd4 12. cxd4 Bb7 13. Rc1 Qd6 14. Ng3 Rfc8 15. Bd3 Nb4 16. Bb1 Rxc1 17. Qxc1 Rc8 18. Qd2 Nc6 19. Rc1 Qb8 20. Ne1 Bb4 21. Qd1 Ba5 22. Nf3 Nce7 23. h4 Rxc1 24. Qxc1 Qc7 25. h5 Qxc1+ 26. Bxc1 Nf8 27. Nd2 f6 28. Nb3 Bc7 1/2-1/2

[Event "It (Men) Sarajevo BIH"]
[Site "?"]
[Date "2005.05.22"]
[Round "4"]
[White "Movsesian Sergei"]
[Black "Volokitin Andrei"]
[Result "1-0"]
[WhiteElo "2628"]
[BlackElo "2679"]
[PlyCount "68"]
[EventDate "2005.??.??"]
[Source "www.chesslib.no"]
[SourceDate "2004.05.04"]

1. e4 c5 2. Nf3 Nc6 3. Nc3 Nf6 4. Bb5 Qc7 5. O-O Nd4 6. Re1 a6 7. Bf1 e5 8. Bc4 d6 9. h3 Be6 10. d3 b5 11. Bxe6 fxe6 12. Nxd4 exd4 13. Ne2 Qf7 14. f4 Be7 15. f5 exf5 16. exf5 Nd5 17. Nf4 Nxf4 18. Bxf4 O-O 19. Bg3 Rae8 20. Rf1 Qd5 21. Qg4 Bf6 22. a4 b4 23. b3 Re3 24. Bf4 Rfe8 25. Bxe3 dxe3 26. Rae1 Qe5 27. Qc4+ d5 28. Qxc5 Be7 29. Qc6 Bd6 30. Rf4 h5 31. d4 Qe7 32. Qxd5+ Kf8 33. Rf3 Qd8 34. Kf1 e2+ 1-0

[Event "Calviá ol (Men)"]
[Site "Mallorca"]
[Date "2004.10.28"]
[Round "13.5"]
[White "Sutovsky, Emil"]
[Black "Shabalov, Alexander"]
[Result "1/2-1/2"]
[WhiteElo "2697"]
[BlackElo "2608"]
[PlyCount "69"]
[EventDate "2004.10.15"]
[Source "Roberto Alvarez"]
[SourceDate "2004.10.25"]

1. e4 c5 2. Nf3 Nc6 3. Nc3 e5 4. Bc4 Be7 5. d3 Nf6 6. Nd2 d6 7. Nf1 Bg4 8. f3 Be6 9. Ne3 O-O 10. O-O Rb8 11. a3 Nd4 12. Ncd5 b5 13. Nxf6+ Bxf6 14. Bd5 Bg5 15. Bxe6 fxe6 16. c3 Nc6 17. Nc2 a5 18. Kh1 d5 19. Bxg5 Qxg5 20. exd5 exd5 21. Qe2 Rf4 22. Rae1 Rbf8 23. d4 cxd4 24. Qxb5 Qg6 25. cxd4 exd4 26. Qxd5+ Kh8 27. Re6 Qxc2 28. Rxc6 Qxb2 29. Qxa5 d3 30. Qc3 Qe2 31. Rg1 Rxf3 32. Rc7 Rg8 33. Rxg7 Rxg7 34. Qc8+ Rg8 35. Qc3+ 1/2-1/2